000 01377nam a22002897a 4500
005 20240530110341.0
008 141113s2012 le gr 000 0 ara d
020 _a9789953824673
040 _aEG-CaGPL
082 0 4 _221
_a327.17\
_bأ ح
245 1 0 _aحل الدولة الواحدة للصراع العربى الاسرائيلى :
_bبلد واحدة لكل مواطنيه /
_cاسعد غانم ...[ وأخ ] ؛ اعداد وتحرير هانى احمد فارس ؛ ساهم فى ترجمة فصول من هذا الكتاب سعد محيو ، غزوان حميد ، هانى احمد فارس
250 _aط1
260 _aبيروت :
_bمركز دراسات الوحدة العربية ،
_c2012
300 _a496 ص ؛
_c24 سم
650 0 4 _aالنزاع العربى الاسرائيلى
650 0 4 _aالقضية الفلسطينية
700 0 _aهانى احمد فارس
_eمعد
700 0 _aاسعد غانم
_eمؤلف مشارك
700 0 _aسعد محيو
_eمترجم
700 0 _aغزوان حميد
_eمترجم
700 0 _aهانى احمد فارس
_eمترجم
700 0 _aليلى فرسخ
_eمؤلف مشارك
700 0 _aسمادار لافى
_eمؤلف مشارك
700 0 _aايلان بابه
_eمؤلف مشارك
942 _2ddc
_cBK
999 _c59892
_d59892